Food phytochemicals for cancer prevention I : (Record no. 25758)
[ view plain ]
| 000 -LEADER | |
|---|---|
| fixed length control field | 01453cam a22002895a 4500 |
| 001 - CONTROL NUMBER | |
| control field | 1107852 |
| 005 - DATE AND TIME OF LATEST TRANSACTION | |
| control field | 20171220122036.0 |
| 008 - FIXED-LENGTH DATA ELEMENTS--GENERAL INFORMATION | |
| fixed length control field | 931005s1994 dcua frb 101 0 eng d |
| 020 ## - INTERNATIONAL STANDARD BOOK NUMBER | |
| International Standard Book Number | 0841227683 |
| 040 ## - CATALOGING SOURCE | |
| Original cataloging agency | DLC |
| Transcribing agency | DLC |
| Modifying agency | DLC |
| -- | EG-ScBUE |
| Language of cataloging | eng |
| 082 04 - DEWEY DECIMAL CLASSIFICATION NUMBER | |
| Classification number | 616.994052 |
| Edition number | 22 |
| Item number | FOO |
| 245 00 - TITLE STATEMENT | |
| Title | Food phytochemicals for cancer prevention I : |
| Remainder of title | fruits and vegetables / |
| Statement of responsibility, etc | edited by Mou-Tuan Huang ... [et al.] |
| 260 ## - PUBLICATION, DISTRIBUTION, ETC. (IMPRINT) | |
| Place of publication, distribution, etc | Washington : |
| Name of publisher, distributor, etc | American Chemical Society, |
| Date of publication, distribution, etc | 1994. |
| 300 ## - PHYSICAL DESCRIPTION | |
| Extent | xii, 427 p. : |
| Other physical details | ill. ; |
| Dimensions | 24 cm. |
| 500 ## - GENERAL NOTE | |
| General note | "Developed from a symposium sponsored by the Division of Agricultural and Food Chemistry at the 204th National Meeting of the American Chemical Society, Washington, D.C., August 23-28, 1992." |
| 504 ## - BIBLIOGRAPHY, ETC. NOTE | |
| Bibliography, etc | Includes bibliographical references and indexes. |
| 650 #7 - SUBJECT ADDED ENTRY--TOPICAL TERM | |
| Topical term or geographic name as entry element | Cancer |
| General subdivision | Chemoprevention |
| -- | Congresses. |
| Source of heading or term | BUEsh |
| 650 #7 - SUBJECT ADDED ENTRY--TOPICAL TERM | |
| Topical term or geographic name as entry element | Cancer |
| General subdivision | Nutritional aspects |
| -- | Congresses. |
| Source of heading or term | BUEsh |
| 650 #7 - SUBJECT ADDED ENTRY--TOPICAL TERM | |
| Topical term or geographic name as entry element | Phytochemicals |
| General subdivision | Therapeutic use |
| -- | Congresses. |
| Source of heading or term | BUEsh |
| 651 ## - SUBJECT ADDED ENTRY--GEOGRAPHIC NAME | |
| Source of heading or term | BUEsh |
| 653 ## - INDEX TERM--UNCONTROLLED | |
| Resource For college | Generalities |
| Arrived date list | December2017 |
| 700 1# - ADDED ENTRY--PERSONAL NAME | |
| Personal name | Huang, Mou-Tuan, |
| Dates associated with a name | 1935- |
| Relator term | editor. |
| 710 2# - ADDED ENTRY--CORPORATE NAME | |
| Corporate name or jurisdiction name as entry element | American Chemical Society. |
| Subordinate unit | Division of Agricultural and Food Chemistry. |
| 710 2# - ADDED ENTRY--CORPORATE NAME | |
| Corporate name or jurisdiction name as entry element | American Chemical Society. |
| Subordinate unit | Meeting |
| Number of part/section/meeting | (204th : |
| Date of meeting or treaty signing | 1992 : |
| Location of meeting | Washington, D.C.) |
| 856 42 - ELECTRONIC LOCATION AND ACCESS | |
| Materials specified | Publisher description |
| Uniform Resource Identifier | <a href="http://www.loc.gov/catdir/enhancements/fy0605/93033775-d.html">http://www.loc.gov/catdir/enhancements/fy0605/93033775-d.html</a> |
| 856 41 - ELECTRONIC LOCATION AND ACCESS | |
| Materials specified | Table of contents only |
| Uniform Resource Identifier | <a href="http://www.loc.gov/catdir/enhancements/fy0605/93033775-t.html">http://www.loc.gov/catdir/enhancements/fy0605/93033775-t.html</a> |
| Withdrawn status | Item status | Source of classification or shelving scheme | Damaged status | Not for loan | Home library | Current library | Shelving location | Date acquired | Total Checkouts | Full call number | Barcode | Date last seen | Koha item type |
|---|---|---|---|---|---|---|---|---|---|---|---|---|---|
| Dewey Decimal Classification | Central Library | Central Library | First floor | 20/12/2017 | 616.994052 FOO | 000046954 | 15/07/2025 | Book - Borrowing |